Normal view
MARC view
- Young women
Entry Topical Term
001 - CONTROL NUMBER
- control field: 28118
003 - CONTROL NUMBER IDENTIFIER
- control field: NUST
005 - DATE AND TIME OF LATEST TRANSACTION
- control field: 20200128135505.0
008 - FIXED-LENGTH DATA ELEMENTS
- fixed length control field: 200128|| aca||aabn | a|a d
040 ## - CATALOGING SOURCE
- Original cataloging agency: NUST
- Transcribing agency: NUST
150 ## - HEADING--TOPICAL TERM
- Topical term or geographic name entry element: Young women
670 ## - SOURCE DATA FOUND
- Source citation: Work cat.: (NUST)0: Northanger Abbey.
